000 00337cam a2200133ua 4500
020 _a8186011870
082 _a428.0076
_bSHA/HO
100 _aSharpe, Pamela .
_91594
245 _aHow to prepare for the TOEFL test /
250 _a8 /
260 _aNew Delhi
_bGalgotia publication pvt ltd ,
_c1997.
300 _a610 ; .
942 _cREF
999 _c8062
_d8062